000 00273nam a22001217a 4500
082 _a894.812.3
_bRAJ/T
100 _aRAJ,RAJESH,-Tr.
245 _aPANCHATHANTHRAM KADHAKAL
260 _aCHERTHALA
_bSHARON BOOKS
300 _a66
650 _aSHORT STORY
_zKERALA
942 _cBK
999 _c1382
_d1382